000 00335nam a2200145Ia 4500
008 230917s9999||||xx |||||||||||||| ||und||
040 _e108587
_aMAIN
041 _aEnglish
082 _a657 I2A
100 _aICFAI
245 0 _aAccounting standards. V1-3,5
260 _aHyderabad
_bICFAI
_c2002
300 _a222 p.
942 _cBK
999 _c123121
_d123121